000 00687nam a22002417a 4500
999 _c33189
_d33189
001 2203
003 CO-MdFUSB
005 20170829093902.0
008 170829t1989 a ||||| |||| 00| 0 s d
020 _a950-551-092-6
040 _aCO-MdFUSB
_bspa
_cCO-MdFUSB
_dCO-MdFUSBC
_erda
041 0 _aspa
082 0 4 _aG 222.9 G165e
100 1 _aGallazzi, Sandro
_eautor
245 0 _aEster
_c/ Sandro Gallazzi ; David y Ethel Delgado, Traductores
264 4 _aBuenos Aires, Argentina :
_bLa Aurora,
_c©1989
300 _a201 Pag
336 _2rdacontent
_a1
_ba1
337 _2rdamedia
_a2
_b5
338 _2rdacarrier
_a2
_b5
653 _aBiblia A.T.- Ester - Comentarios
942 _cBK